| 000 | 00507nam a2200205Ia 4500 | ||
|---|---|---|---|
| 003 | OSt | ||
| 005 | 20230317152443.0 | ||
| 008 | 210707s1972 xx 000 0 und d | ||
| 040 | _cAL | ||
| 041 | _aeng | ||
| 082 | _a539.7 SEMI | ||
| 100 |
_aSEMAT (Henry) & ALBRIGHT (John R) _976191 |
||
| 245 | _aIntroduction to atomic and nuclear physics | ||
| 250 | _a5 | ||
| 260 |
_aLondon _bChapman & Hall _c1972 |
||
| 300 | _axx,712 p | ||
| 563 | _aHB | ||
| 906 | _aPhysics Atomic Nuclear | ||
| 942 |
_2ddc _cBK |
||
| 999 |
_c179925 _d179925 |
||